FOXPRO 2.0 , THE ART OF VISUAL PROGRAMMING (Record no. 573139)
[ view plain ]
| 000 -LEADER | |
|---|---|
| fixed length control field | 00291nam a22001097a 4500 |
| 082 ## - DEWEY DECIMAL CLASSIFICATION NUMBER | |
| Classification number | 005.133-FP CHE'F |
| 100 ## - MAIN ENTRY--PERSONAL NAME | |
| Personal name | NAGPAL, J , CHELLAM, MEENAKHSI , ROHRA, S |
| 9 (RLIN) | 64731 |
| 245 ## - TITLE STATEMENT | |
| Title | FOXPRO 2.0 , THE ART OF VISUAL PROGRAMMING |
| 260 ## - PUBLICATION, DISTRIBUTION, ETC. | |
| Place of publication, distribution, etc. | NEW DELHI |
| Name of publisher, distributor, etc. | BPB |
| Date of publication, distribution, etc. | 1992 |
| 300 ## - PHYSICAL DESCRIPTION | |
| Extent | 326P |
| 942 ## - ADDED ENTRY ELEMENTS (KOHA) | |
| Koha item type | Book |
| Withdrawn status | Lost status | Damaged status | Not for loan | Permanent Location | Current Location | Shelving location | Date acquired | Total Checkouts | Full call number | Barcode | Date last seen | Price effective from | Koha item type |
|---|---|---|---|---|---|---|---|---|---|---|---|---|---|
| College of Electrical & Mechanical Engineering (CEME) | College of Electrical & Mechanical Engineering (CEME) | General Stacks | 07/27/2017 | 005.133-FP CHE'F | CEME-25575 | 06/28/2021 | 06/28/2021 | Book |
